000 01328nam a22002177a 4500
003 NALT
005 20260121150456.0
008 181029b th ||||| |||| 00| 0 tha d
040 _aNALT
050 _aHC 79.I55
_bป432 2561
245 0 0 _aปรับทิศทางเศรษฐกิจไทยให้พร้อมสู่ยุคแห่งความปั่นป่วนทางเทคโนโลยี (รายงานทีดีอาร์ไอ ฉบับที่ 1142 กรกฎาคม 2561) /
_cบรรณาธิการบริหาร จิรากร ยิ่งไพบูลย์วงศ์.
260 _aกรุงเทพฯ :
_bสถาบันวิจัยเพื่อการพัฒนาประเทศไทย,
_c 2561.
300 _a24 หน้า ;
_c27 ซม.
650 0 _aเทคโนโลยีสารสนเทศ
_xนโยบายของรัฐ
_915620
650 4 _930014
_aปัญญาประดิษฐ์
700 0 _aจิรากร ยิ่งไพบูลย์วงศ์
_910519
850 _aNALT
942 _cGB
_2lcc
998 _abijaya
_bphon
_cphon
_j1020
_k นางจำเรียง ระวังสำโรง
999 _c95435
_d95435